LIBRARY & INFORMATION CENTRE, KCAET, TAVANUR

ONLINE PUBLIC ACCESS CATALOGUE (OPAC)

Akhiri danve / (Record no. 3453)

MARC details
000 -LEADER
fixed length control field 00444cam a2200181ua 4500
041 ## - LANGUAGE CODE
Language code of text/sound track or separate title hin
082 ## - DEWEY DECIMAL CLASSIFICATION NUMBER
Classification number 891.54
Item number BHA/AK
100 ## - MAIN ENTRY--AUTHOR NAME
Personal name Bhagavathicharan, Varma .
245 ## - TITLE STATEMENT
Title Akhiri danve /
250 ## - EDITION STATEMENT
Edition statement 1 /
260 ## - PUBLICATION, DISTRIBUTION, ETC. (IMPRINT)
Place of publication India :
Name of publisher Bharati-Bhandar ,
Year of publication 1960.
300 ## - PHYSICAL DESCRIPTION
Number of Pages 273 ; .
942 ## - ADDED ENTRY ELEMENTS (KOHA)
Koha item type Books
Holdings
Withdrawn status Lost status Damaged status Home library Current library Date acquired Full call number Accession Number Koha item type Public note
Withdrawn     KAUAET Sanskrit University 07/04/2012 891.54 6242 Books Transferred to Sanskrit University
free website counter